| 000 | 00857nam a2200229 a 4500 | ||
|---|---|---|---|
| 001 | 39440 | ||
| 003 | BD-RjUL | ||
| 005 | 20211209053006.0 | ||
| 008 | 160411s2013 bg ||||| |||| 00| 0 ben d | ||
| 020 |
_a9789848975817 _c: Tk 350.00 |
||
| 035 | _a(BD-RjUL)39553 | ||
| 040 |
_aBD-RjUL _bben _cBD-RjUL |
||
| 041 | _aben | ||
| 082 |
_223 _a891.44109 _bIQB 2013 |
||
| 100 |
_aইকবাল, শহীদ. _9117018 |
||
| 245 | 1 | 0 | _aবাংলাদেশের কবিতার ইতিহাস (১৯৪৭-২০০০) |
| 260 |
_aঢাকা : _bরোদেলা প্রকাশনী, _c২০১৩. |
||
| 300 |
_a২৭১ পৃ. ; _c২২ সেমি. |
||
| 650 |
_aবাংলা কবিতা _xইতিহাস ও সমালোচনা _9121572 |
||
| 650 |
_aBengali poetry _xHistory & criticism _9121573 |
||
| 942 |
_2ddc _cBK _03 |
||
| 999 |
_c39440 _d39440 |
||